[Event "Pamplona 0102"]
[Site "Pamplona"]
[Date "2002.01.02"]
[Round "6"]
[White "De la Riva Aguado, Oscar"]
[Black "Radjabov, Teimour"]
[Result "1-0"]
[WhiteElo "2495"]
[BlackElo "2567"]
[Annotator "Finkel,A"]
[PlyCount "127"]
[EventDate "2001.12.27"]
[EventType "tourn"]
[EventRounds "9"]
[EventCountry "ESP"]
[EventCategory "14"]
[SourceTitle "CBM 087"]
[Source "ChessBase"]
[SourceDate "2002.03.21"]
[SourceVersion "1"]
[SourceVersionDate "2002.03.21"]
[SourceQuality "1"]

1. e4 e6 2. d4 d5 3. Nc3 Nf6 4. Bg5 dxe4 5. Nxe4 Be7 6. Bxf6 Bxf6 7. Nf3 Nd7 8.
Bc4 O-O 9. Qe2 Be7 $5 {Same idea has braught Rajabov success in previous round
against Fressinet and he tries it in slightly different position, however this
time with opposite result!} (9... Nb6 10. Bb3 Bd7 11. O-O Bc6 (11... Qe7 12.
Rfe1 Rad8 13. Rad1 Ba4 14. Bxa4 Nxa4 15. Qb5 Nb6 16. c4 c6 17. Qb3 $14 {
Smyslov-Stahlberg/Zuerich/1953}) 12. Nxf6+ gxf6 $6 13. Rad1 Kh8 14. c4 $14 {
Spassky-Czerniak/Goteborg/1971}) (9... c6 10. O-O b6 11. Rad1 Qc7 12. Nxf6+
Nxf6 13. Qe5 Qe7 14. c3 Bb7 15. Rfe1 $14 {Fischer-Pachman/Leipzig ol/1960}) (
9... a6 10. O-O-O (10. Bb3 a5 11. a3 c6 12. O-O b6 13. Rfe1 Qc7 14. Rad1 Ba6
15. Qe3 Rad8 16. c3 $14 {Goloshchapov,A-Mirzoev,A/St Petersburg 2000}) 10... b5
11. Bb3 Bb7 12. d5 exd5 (12... e5 13. Rhe1 Be7 14. d6 cxd6 15. Nxd6 Bxd6 16.
Rxd6 Bxf3 17. Qxf3 $16 {Kindermann,S-Roth,P/Vienna 1996/CBM 54}) 13. Bxd5 c6
14. Bb3 Qc7 15. Kb1 a5 16. Qd3 Rad8 17. Neg5 $1 $16 {Veresov,G-Gromek,J/URS
1955/EXT 2001}) 10. O-O-O (10. O-O c5 $1 11. d5 $6 exd5 12. Bxd5 Nb6 $15 {
Smirin,I-Lputian,S/Wijk aan Zee 1993/CBM 34}) 10... c5 (10... c6 11. h4 Nb6 (
11... b5 12. Bd3 Qc7 13. Kb1 Nf6 14. Nxf6+ Bxf6 15. Qe4 g6 16. h5 Bb7 17. hxg6
hxg6 18. Ne5 $14 {Topalov,V-Kramnik,V/Monte Carlo 1997/CBM 57}) 12. Bd3 Nd5 13.
Neg5 h6 14. Kb1 $14 {Arias Santana,M-Ugalde,R/Costa Rica 1997/EXT 99}) 11. Kb1
Qa5 $6 {Permitting white to play d5, which turns to be quiet upleasent for
black} (11... cxd4 $5 12. Nxd4 Qb6 13. f4 Rd8 $132) 12. d5 $1 exd5 (12... Nb6
$2 13. d6 Bd8 14. Ne5 Nxc4 15. Nxc4 Qb5 16. d7 Bxd7 17. Nc3 Qc6 18. Ne5 $18 {
[%cal Ge5c6,Ge5d7]}) 13. Rxd5 b5 $6 {Too optimistic!} (13... Nb6 $5 14. Re5
Nxc4 15. Qxc4 (15. Rxe7 Qb5 $19 {[%csl Re2][%cal Gc4a3]}) 15... Qc7 (15... Be6
16. Rxe6 fxe6 17. Qxe6+ $18) 16. Nxc5 Bd6 $44) 14. Bxb5 Nf6 15. Re5 $1 Nxe4 16.
Rxe4 Bf6 17. Bc4 $16 {Black may hardly create anything over the b-file and
white extra pawn will decide the game sooner or later.} Rb8 18. Ne5 Bf5 19. Re3
Rb6 (19... Bxe5 20. Rxe5 Qc3 21. Bb3 Rxb3 22. axb3 Bxc2+ 23. Kc1 $18) 20. f4
Bxe5 21. Rxe5 g6 22. g4 Qb4 23. Bb3 Bc8 24. Re8 $5 c4 $8 25. a3 Qc5 26. Rxf8+
Qxf8 27. Qxc4 Bxg4 28. Qc7 $1 $18 {[%csl Ra7]} Rf6 29. Re1 $5 {White doesn't
want to give any counterplay. Quicker way to win was} (29. Qxa7 Rxf4 30. Re1
$18 {[%cal Ga3a7] and black is helpless against the advance of the a-pawn.})
29... h5 30. Re4 a6 31. Rd4 Kh7 32. Rd8 Qg7 33. h4 Be6 34. Bxe6 Rxe6 35. Rd7
Rf6 $6 {Making white's task easier. It was still possible to put up some
resistanse after} (35... Kg8 $5) 36. Qe5 Rf5 37. Qxg7+ Kxg7 38. Rd4 {[%cal
Gc2c5,Gb2b4] White passed pawns are unstopable.} Kf6 39. b4 Rb5 40. c4 Rb8 41.
Rd5 Re8 42. b5 Rc8 43. b6 Ke6 44. Rc5 Rb8 45. Rc6+ Kf5 46. c5 Kxf4 47. Rc7 g5
48. Rxf7+ Ke5 49. hxg5 Kd5 50. Rf5+ Kc6 51. g6 h4 52. g7 h3 53. Kc2 h2 54. Rh5
Rg8 55. Rh6+ Kb7 (55... Kxc5 56. b7 Kd4 57. Rxh2 $18 {[%cal Gh2h8]}) 56. Rxh2
Rxg7 57. Kb3 Kc6 58. Kb4 Rg4+ 59. Ka5 Rg8 60. Rh6+ Kxc5 61. b7 Rg3 62. Rh5+ Kc4
63. Rh4+ Kc5 64. b8=Q 1-0

[Event "Hastings 0102 77th"]
[Site "Hastings"]
[Date "2001.12.30"]
[Round "2"]
[White "Zhang, Zhong"]
[Black "Kiriakov, Petr"]
[Result "1/2-1/2"]
[WhiteElo "2657"]
[BlackElo "2547"]
[Annotator "Finkel,A"]
[PlyCount "131"]
[EventDate "2001.12.29"]
[EventType "tourn"]
[EventRounds "9"]
[EventCountry "ENG"]
[EventCategory "11"]
[SourceTitle "CBM 087"]
[Source "ChessBase"]
[SourceDate "2002.03.21"]
[SourceVersion "1"]
[SourceVersionDate "2002.03.21"]
[SourceQuality "1"]

1. e4 e6 2. d4 d5 3. Nc3 Nf6 4. Bg5 dxe4 5. Nxe4 Be7 6. Bxf6 gxf6 7. Nf3 f5 8.
Nc3 Bf6 {Kiriakov is one of the best experts in this variation and it's
extremly difficult to win it against him. This game is not an exeption: white
made his try and then fought for draw for 30 moves!} 9. Qd2 c5 10. d5 exd5 (
10... O-O 11. O-O-O e5 (11... Bg7 12. Qe3 Qb6 13. Ne5 exd5 14. Nxd5 Qe6 15. Nc4
Bh6 $13 {Glek,I-Luther,T/Germany 1993/GER-chT}) 12. h4 Bg7 (12... Nd7 13. d6 $1
$14 Nb6 14. Qe3 e4 15. Ng5 Bd7 16. g4 $5 Bd4 17. Rxd4 cxd4 18. Qxd4 $36 {
Lau,R-Sakaev,K/Dortmund 1991/CBM 23}) 13. Kb1 Nd7 14. Be2 b5 15. Qg5 Qa5 16.
Nd2 c4 17. Qxf5 Nc5 18. Qg5 f5 $132 {Vujakovic,B-Dizdar,G/Zlatibor 1989/EXT
2000}) (10... e5 11. h4 Nd7 12. O-O-O e4 13. Ng5 h6 14. Nh3 Bd4 15. Nb5 Be5 16.
d6 $16 {Brodsky,M-Kiriakov,P/Nizhnij Novgorod 1998/EXT 2000}) 11. Nxd5 (11.
Qe3+ Be6 12. Qxc5 Nd7 13. Bb5 Rc8 14. Qe3 a6 (14... O-O 15. O-O a6 16. Bxd7
Qxd7 17. Nd4 Qd6 18. Nce2 Kh8 19. Rad1 Rg8 20. f4 $14 {Arnason,J-Bjarnason,S/
Reykjavik 1989/CBM 13}) 15. Bxd7+ Qxd7 16. Nd4 Rg8 17. O-O Bxd4 18. Qxd4 Rc4
19. Qe5 $14 {Arnason,J-Skembris,S/Thessaloniki 1988/TD}) 11... Bxb2 12. Rd1 Be6
13. Bb5+ $5 (13. Bc4 Bg7 14. O-O O-O 15. Qf4 Nd7 16. Rfe1 Rc8 17. Ng5 Kh8 18.
Rxe6 fxe6 19. Nxe6 $14 {Tseshkovsky,V-Dobosz,H/Lubniewice 1995/EXT 97}) 13...
Nc6 14. O-O a6 (14... O-O $2 {[%csl Rg8]} 15. c3 $1 {[%csl Rb2]} Ba3 16. Qh6
Bxd5 17. Ng5 Re8 18. Qxh7+ Kf8 19. Qh6+ Kg8 20. c4 $18) 15. c4 $5 Bg7 16. Qf4 {
[%cal Gd5c7]} Rc8 17. Bxc6+ bxc6 (17... Rxc6 $2 18. Nb4 $16) 18. Qg3 O-O {
Black king finally finds the safe shelter! Now it becomes clear that black has
won an opening battle and white has to fight for equality.} 19. Nf4 Qf6 20. Nh5
Qg6 21. Nxg7 Qxg3 22. fxg3 Kxg7 {[%csl Rc4]} 23. Rc1 Rfd8 $6 ({Slightly more
precise was} 23... Rb8 $5 24. Rc2 Rb4 25. Nd2 Rd8 $17 {with very serious
advaantage in the endgame.}) 24. Rc2 $1 {[%csl Rc5][%cal Gf3d2,Gd2b3]} Rd3 (
24... a5 $5) 25. Nd2 Rcd8 26. Nb3 Rd1 27. Rxd1 Rxd1+ 28. Kf2 Kf6 29. Ke3 (29.
Nxc5 a5 30. Ke3 Ke5 31. Nd3+ Kd6 32. c5+ Kd5 33. Nf4+ $11) 29... Re1+ 30. Kd2
Rh1 31. h3 Rf1 32. Kc3 ({Of course not} 32. Nxc5 $2 Rf2+ 33. Kd3 Rxc2 34. Kxc2
Bxc4 35. a4 Ke5 $19 {[%csl Rg2,Rh3][%cal Gc4f1]}) 32... f4 33. Nxc5 fxg3 34.
Ne4+ Ke5 35. Nxg3 Rb1 36. Re2+ Kd6 37. Ne4+ Ke7 38. Nd2 $6 (38. Nc5 $11) 38...
Rc1+ 39. Kb2 Rd1 40. Nb3 Kd6 41. Kc2 Rf1 42. Kc3 c5 $15 43. Rd2+ Kc6 44. Rb2
Bc8 45. Re2 {[%csl Rc5] Intending to attack black pawn on c5.} Rg1 46. a4 Be6
47. Re5 Rxg2 48. Rxc5+ Kb6 49. Kb4 Bxh3 50. Rh5 Be6 51. Rxh7 (51. a5+ $5 Kc7
52. Rxh7 Rg4 53. Nd2 Kd6 54. Rh8 $15) 51... Rg8 52. Na5 $2 {After this move
white has to work a little bit to reach a draw,but he is out of serious danger
in any case.} (52. a5+ $11) 52... Rg5 $15 53. Nb3 a5+ 54. Kc3 Rg3+ 55. Kb2 Bxc4
56. Rh6+ Be6 57. Nd4 Re3 58. Rh5 Bc4 59. Rf5 Rd3 60. Nf3 Rb3+ 61. Kc2 Re3 (
61... Rb4 62. Ne5 Rxa4 63. Nxf7 $11) 62. Kd2 Rd3+ 63. Kc2 Rd6 64. Ne5 Be6 65.
Rf6 Kc5 66. Kc3 {[%csl Rf7]} 1/2-1/2

[Event "FIDE-Wch k.o."]
[Site "Las Vegas"]
[Date "1999.08.07"]
[Round "3.2"]
[White "Milos, Gilberto"]
[Black "Shirov, Alexei"]
[Result "1-0"]
[WhiteElo "2586"]
[BlackElo "2734"]
[Annotator "Finkel,A"]
[PlyCount "63"]
[EventDate "1999.07.31"]
[EventType "k.o."]
[EventRounds "7"]
[EventCountry "USA"]
[SourceTitle "CBM 072"]
[Source "ChessBase"]
[SourceDate "1999.10.01"]
[SourceVersion "1"]
[SourceVersionDate "1999.10.01"]
[SourceQuality "1"]

1. e4 e6 2. d4 d5 3. Nc3 Nf6 4. Bg5 dxe4 5. Nxe4 Be7 6. Bxf6 Bxf6 7. Nf3 O-O 8.
Qd3 Nd7 9. O-O-O Be7 (9... b6 10. Qe3 (10. h4 Bb7 11. Nfg5 (11. Neg5 g6 12. Qe3
h6 13. Ne4 Bg7 14. Bd3 c5 15. c3 Qe7 16. h5 g5 17. dxc5 Nxc5 18. Nxc5 Qxc5 19.
Qxc5 bxc5 $15 {Polgar,J-Bareev,E/Madrid 1994}) 11... Bxg5+ (11... g6 12. f4 h6
13. Nf3 Bg7 14. Ne5 Nxe5 15. dxe5 Qe7 16. Qe3 $36 {Kovalev,A-Kovacevic,V/
GER-CupT 1991}) 12. Nxg5 (12. hxg5 $6 Bxe4 13. Qxe4 Qxg5+ 14. Kb1 Nf6 15. Qc6
Qf4 16. Rh3 Rad8 17. c3 Rd6 $15 {King,D-Chernin,A/Moscow GMA-qual f 1990})
12... Nf6 13. Be2 Qd6 14. Bf3 Bxf3 15. Qxf3 Qd5 $11 {Van der Wiel,J-Vaganian,R/
WchT Luzern 1989}) 10... Bb7 11. Ne5 Be7 12. Bb5 Nf6 13. Bc6 {1/2-1/2 Wedberg,
T-Chernin,A/Stockholm 1995} (13. Nxf6+ Bxf6 14. Nd7 a6 15. Nxf6+ Qxf6 16. Bf1
Rfd8 17. c3 Rac8 {1/2-1/2 Koch,J-Sharif,M/FRA-ch 1994})) 10. h4 Nf6 $6 {
This natural move seems to be the source of black's troubles.} 11. Nfg5 Nxe4 ({
Bad is} 11... g6 $6 12. h5 Nxh5 13. Rxh5 f5 (13... gxh5 $2 14. Nf6+ $1 $18) 14.
Qg3 $1 f4 (14... fxe4 15. Nxh7 Kf7 16. Rh6 $16) 15. Qd3 $1 $16) 12. Qxe4 g6 ({
Too dangerous is} 12... Bxg5+ 13. hxg5 Qxg5+ 14. f4 Qf5 15. Qe3 h6 16. Bd3 Qd5
17. Kb1 $40 {[%csl Rg8][%cal Gg2g5] and white's initiative may become extremly
dangerous.}) 13. Bc4 Rb8 14. Qe3 Bf6 ({Better was} 14... b5 $5 15. Bb3 a5 16.
d5 $1 e5 17. c3 a4 18. Bc2 b4 19. c4 $14 {,but also here white keeps an
advantage.}) 15. f4 b5 16. Bb3 a5 17. h5 $1 $40 {[%csl Rg8] From now on white
plays extremly well and even such a player as Shirov can't prevent an
inevitable.} Bxg5 ({After} 17... a4 $2 {white wins by force:} 18. hxg6 Bxg5 19.
gxh7+ $1 (19. fxg5 axb3 20. Rxh7 $2 (20. gxh7+ $1 Kh8 21. Qe5+ f6 22. gxf6 $18)
20... bxa2 21. Qe5 a1=Q+ 22. Kd2 f6 $5 (22... Qxd1+ 23. Kxd1 f6 24. Rh8+ $8 (
24. Qh2 $2 Qxd4+ 25. Kc1 fxg5 $19) 24... Kg7 25. gxf6+ Qxf6 26. Qxc7+ Bd7 27.
Qxd7+ Rf7 $1 $19) (22... Qa5+ 23. Ke2 f6 24. Qh2 $18)) 19... Kh8 20. fxg5 axb3
21. Qe5+ f6 22. gxf6 Qxf6 23. Rdf1 $1 bxa2 24. Rxf6 a1=Q+ 25. Kd2 $18) 18. hxg6
$1 fxg6 (18... Bf6 19. Qh3 $1 Bh4 20. a3 $16) 19. fxg5 {[%csl Re6]} Qe7 20.
Rdf1 $1 $16 (20. a3 Rf5) 20... Bd7 ({Nothing changes} 20... a4 21. Bd5 $1 (21.
Rxf8+ $2 Kxf8 22. Qe5 $1 Ke8 $8 23. Bd5 $8 exd5 24. Qh8+ Qf8 25. Re1+ Be6 $1
26. Rxe6+ Kd7 $11) 21... Rxf1+ 22. Rxf1 Bd7 23. Rf6 Re8 24. Be4 $16 {with huge
advantage.}) 21. a3 a4 22. Ba2 Rxf1+ 23. Rxf1 Rf8 (23... b4 24. axb4 Rxb4 25.
d5 $18) 24. Rxf8+ Kxf8 25. Qf4+ Ke8 26. Kd2 b4 27. Qe5 $1 Kd8 ({More chanses
of survival would leave} 27... bxa3 28. Qh8+ Qf8 29. Qxf8+ Kxf8 30. bxa3 Ke7
31. Ke3 Kd6 32. Kf4 $16 {[%csl Ra4,Rh7]}) 28. Qh8+ Be8 29. Qf6 bxa3 30. bxa3
Qxf6 $2 31. gxf6 Kd7 32. d5 $1 1-0

[Event "EU-chT (Men) 11th"]
[Site "Pula"]
[Date "1997.05.??"]
[Round "9.4"]
[White "Van der Wiel, John"]
[Black "Kacheishvili, Giorgi"]
[Result "1/2-1/2"]
[WhiteElo "2555"]
[BlackElo "2505"]
[Annotator "Finkel,A"]
[PlyCount "71"]
[EventDate "1997.05.05"]
[EventType "team-swiss"]
[EventRounds "9"]
[EventCountry "CRO"]
[SourceTitle "CBM 057 Extra"]
[Source "ChessBase"]
[SourceDate "1997.05.01"]
[SourceVersion "1"]
[SourceVersionDate "1997.05.01"]
[SourceQuality "1"]
[WhiteTeam "Netherlands"]
[BlackTeam "Georgia"]
[WhiteTeamCountry "NED"]
[BlackTeamCountry "GEO"]

1. e4 e6 2. d4 d5 3. Nd2 dxe4 4. Nxe4 Nd7 5. Nf3 Ngf6 6. Nxf6+ Nxf6 7. Bg5 c5
8. c3 {Many other moves has been tried in this position,but black's defensive
resources prove to be sufficient and there is no clear way for white to get an
opening advantage.} cxd4 (8... a6 $5 9. Bd3 cxd4 10. Nxd4 Be7 11. O-O Qc7 12.
Re1 Bd7 13. Qe2 Nd5 14. Bxe7 Nxe7 15. Rad1 $14 {Fedorov Vladislav-Kozlov/Ch
Russia /2 final), Kazan (Russia) 1995/0-1 (45)}) 9. Qxd4 $5 {Interesting
decision.White goes straight to the endgame,where his chances are a little
better.Also after more natural 8.N:d4 white hardly can hope to get something
special from the opening.} (9. Nxd4 Be7 10. Bc4 (10. Bd3 Qd5 11. Nf3 O-O 12.
Qe2 Rd8 13. Bc4 $11 {1/2-1/2 Watson,W-Luther,T/BL 1995}) 10... O-O 11. O-O e5
$5 (11... Qa5 12. Bh4 Rd8 13. Qe2 Bd7 14. Rad1 Rac8 $11) 12. Nc2 Qc7 13. Ne3 h6
14. Bh4 Ne4 15. Bxe7 Qxe7 16. Qe2 $14 {Mitenkov,A-Dokuchaev,A/Moscow6 1991 (22)
}) (9. Qa4+ $5 Bd7 10. Qxd4 Bc6 11. O-O-O Be7 12. Qe5 $1 Qc8 13. Nd4 $14 {
Becerra Rivero Julio-Nogueiras Jesus/Memorial J.Capablanca (cat.11), Matanza
1995 (18)}) 9... Qxd4 10. Nxd4 Be7 11. Rd1 $14 a6 (11... Bd7 $5 12. Nb5 $5 Nd5
13. Bxe7 Kxe7 14. c4 Nf4 15. Nd4 Rhd8 16. g3 Ng6 17. Bg2 Rac8 18. b3 e5 $11)
12. Be2 h6 13. Bf4 Bd7 14. Bf3 O-O-O 15. O-O g5 16. Be5 Rhg8 {White still
keeps some pressure,but with accurate play black can quiet easily nutralize it.
With his last move black prepares the retreat of the knight to d7,aiming to
knock off white bishop from very comfortable. square e5} 17. h3 $5 Ba4 18. b3
Be8 19. Rfe1 Nd7 20. Bh2 (20. Bg3 $5 $14) 20... Bf6 21. Bg4 $5 {Threatening 22.
B:e6 fe 23.N:e6 with advantage.} Nf8 22. Rd3 (22. Be5 $5 Bxe5 23. Rxe5 Ng6 24.
Ree1 Bd7 25. a4 $14) 22... Bh8 23. Red1 Bd7 24. Bh5 Ng6 25. Nf3 $6 {After this
move game almost by force transforms into drawn engame.} Bc6 26. Bxg6 fxg6 27.
Rxd8+ Rxd8 28. Rxd8+ Kxd8 29. Be5 (29. Ne5 Bxe5 30. Bxe5 Be4 $11) 29... Bxf3
30. Bxh8 Be4 31. Bg7 h5 32. Bf6+ Kd7 33. Bxg5 Bb1 34. a3 a5 35. b4 a4 36. b5
1/2-1/2

[Event "Tan Chin Nam Cup 8th"]
[Site "Qingdao"]
[Date "2002.07.05"]
[Round "4"]
[White "Zhang, Pengxiang"]
[Black "Seirawan, Yasser"]
[Result "0-1"]
[WhiteElo "2550"]
[BlackElo "2618"]
[Annotator "Finkel,A"]
[PlyCount "62"]
[EventDate "2002.07.04"]
[EventType "swiss"]
[EventRounds "9"]
[EventCountry "CHN"]
[SourceTitle "CBM 091"]
[Source "ChessBase"]
[SourceDate "2002.11.12"]
[SourceVersion "1"]
[SourceVersionDate "2002.11.12"]
[SourceQuality "1"]

1. e4 e6 2. d4 d5 3. Nc3 Nf6 4. Bg5 dxe4 5. Nxe4 Be7 6. Bxf6 Bxf6 7. Nf3 Nc6 8.
c3 b6 $5 (8... O-O 9. Bb5 (9. Qc2 e5 10. Bd3 exd4 11. Nxf6+ Qxf6 12. Bxh7+ Kh8
13. Be4 Re8 14. O-O dxc3 15. bxc3 Ne5 $11 {Lehtinen,H-Rantanen,T/Tampere 1996})
(9. Bd3 e5 10. d5 Nb8 11. O-O Bg4 12. h3 Bxf3 13. Qxf3 Be7 14. Qf5 Nd7 15. Bb5
$16 {Hansen,C-Smits,M/Hinnerup 1979}) 9... Bd7 10. O-O a6 11. Ba4 Qe7 12. Re1
Rad8 13. Nc5 Bc8 14. Bxc6 bxc6 15. Qa4 Rd5 16. Qxc6 $16 {Roselli Mailhe,
B-Carrera,A/Istanbul 2000}) 9. Nxf6+ gxf6 10. Qe2 (10. Bb5 Bd7 11. Qa4 Nb8 12.
Bxd7+ Qxd7 13. Qc2 Qb5 14. O-O-O c6 15. Rhe1 Qh5 16. Re3 $14 {Balko,D-Mikus,T/
SVK 2000}) 10... Bb7 11. O-O-O {[%cal Gd4d5]} (11. g3 Ne7 12. Bg2 Qd6 13. O-O-O
$14) 11... Ne7 {Defending against d5.} 12. Qe3 Nf5 13. Qe1 $6 {Permitting
black to take on f3.} (13. Qf4 Qd6 14. Qxd6 Nxd6 15. Be2 Ne4 16. Rhf1 $14)
13... Qd6 14. Bd3 $6 (14. Bb5+) 14... Qf4+ 15. Qd2 Qxd2+ 16. Kxd2 Bxf3 17. gxf3
Nh4 {The position is about equal, but it's clear that black is an only one to
fight for advantage.} 18. Ke2 (18. Be4 Rd8 19. Rhg1 Ke7 20. Ke3) 18... Ke7 19.
Rhg1 Rad8 20. Be4 $6 {Sending a bishop to the queenside.} (20. f4 f5 21. Rg3 c5
22. dxc5 bxc5 23. Ke3 $11) 20... f5 21. Bb7 Rd6 22. a4 Ng6 23. Ba6 Rhd8 $15 24.
Ke3 e5 25. Be2 (25. Bc4 c5 26. d5 Nf4 27. Rg7 h6 28. Rh7 Rg8 $17) 25... Re6 $1
{[%csl Re3]} 26. d5 Red6 27. c4 c6 $1 {Winning a pawn.} 28. dxc6 $2 {White
prefers to die fast!} (28. Rg5 Kf6 29. Rh5 cxd5 30. cxd5 Rxd5 31. Rxd5 Rxd5 32.
Bb5 f4+ 33. Ke2 Kg7 $17) 28... f4+ 29. Ke4 Ke6 {[%csl Re4][%cal Gf7f5]} 30. Rd5
Rxd5 31. cxd5+ Rxd5 (31... Rxd5 32. Bc4 f5#) 0-1

[Event "Fujitsu Siemens Giants"]
[Site "Frankfurt"]
[Date "2000.06.23"]
[Round "3"]
[White "Kasparov, Garry"]
[Black "Shirov, Alexei"]
[Result "1-0"]
[WhiteElo "2851"]
[BlackElo "2751"]
[Annotator "Finkel,A"]
[PlyCount "69"]
[EventDate "2000.06.22"]
[EventType "tourn"]
[EventRounds "10"]
[EventCountry "GER"]
[EventCategory "21"]
[SourceTitle "CBM 078"]
[Source "ChessBase"]
[SourceDate "2000.10.18"]
[SourceVersion "1"]
[SourceVersionDate "2000.10.18"]
[SourceQuality "1"]

1. e4 e6 2. d4 d5 3. Nc3 Nf6 4. Bg5 dxe4 5. Nxe4 Nbd7 6. Nf3 Be7 7. Nxf6+ Bxf6
8. h4 O-O (8... h6 9. Bxf6 Qxf6 10. Qd2 $14 {Die eingeschobenen Züge h4 und h6
begünstigen Weiß, denn im Falle der kurzen schwarzen Rochade gibt es mit
g2-g4-g5 einen klaren und starken Plan.}) 9. Bd3 (9. Qd2 e5 10. Bxf6 (10. dxe5
Nxe5 11. Qxd8 (11. Nxe5 Qxd2+ 12. Bxd2 Bxe5 $10) 11... Nxf3+ $10) (10. O-O-O e4
11. Bxf6 Nxf6 12. Ne5 Be6 13. Be2 (13. Kb1 c5 14. Bc4 Qd6 15. Bxe6 Qxe6 16. Qc3
Rac8 17. Qb3 Nd5 18. dxc5 Rxc5 $15 {Anand,V-Kortschnoj,V/Tilburg 1991}) 13...
c5 14. dxc5 Qc7 15. Qc3 Rac8 16. c6 bxc6 17. Ba6 $14 {Labunskiy,D-Pushkov,N/
Vladivostok 1994}) 10... Qxf6 11. O-O-O exd4 (11... e4 12. Ng5 $16 {>< Pe4})
12. Qxd4 Qxd4 13. Rxd4 {Weiß hat nur einen winzigen Vorteil, aber die einzigen
Partien mit diesem Endspiel endeten beide 1-0.} Re8 (13... Nf6 14. Bc4 a6 15.
Re1 b5 (15... b6 16. Re7 $16) 16. Bd5 Rb8 (16... Nxd5 17. Rxd5 Be6 18. Rc5 {
>< Pc7}) 17. Bc6 $16 {Morovic Fernandez,I-Nogueiras,J/Capablanca mem-A 1996})
14. Bc4 Nb6 15. Re1 Bd7 16. Bb3 Rxe1+ 17. Nxe1 Kf8 18. Nd3 $14 {Brodsky,
M-Doroshkievich,V/Rostov op 1993}) 9... c5 10. Qe2 $5 {A new move introducing
very dangerous plan against which Shirov didn't find reasonable defense.} (10.
c3 cxd4 11. cxd4 e5 12. Qc2 h6 13. Bxf6 (13. O-O-O exd4 14. Kb1 Re8 15. Bh7+
Kh8 16. Rxd4 Qb6 17. Rf4 Qxb2+ $1 $13 {Heinatz,T-Schmidt,W/BL2-O9798}) 13...
Qxf6 14. Ng5 $2 exd4 15. Bc4 g6 16. Ne4 Qc6 17. O-O-O Ne5 18. Rxd4 Bf5 $17 {
Pinkas,K-Schmidt,W/POL-ch 1993}) 10... cxd4 (10... Qb6 11. Qe4 g6 12. O-O-O
Bxd4 $5 (12... cxd4 13. Bxf6 Nxf6 14. Qf4 $1 (14. Qxd4 Qxd4 15. Nxd4 e5 $11)
14... Kg7 (14... Nd5 $6 15. Qh6 {[%cal Gf3g5]} f6 16. h5 (16. Bxg6 hxg6 17.
Qxg6+ Kh8 18. Ng5 Qc7 19. Rxd4 Qg7) 16... Qc7 17. hxg6 $16) 15. Qe5 $1 Rd8 (
15... h5 16. Ng5 Qb4 17. Ne4 Qe7 18. g4 $1 hxg4 19. h5 $18) 16. h5 $1 h6 17.
hxg6 fxg6 18. Rxh6 $1 $18) 13. Nxd4 cxd4 14. h5 $40 {[%csl Rg8][%cal Ge4h4]})
11. Qe4 g6 12. O-O-O Qa5 $5 (12... e5 $6 13. Bxf6 Qxf6 14. h5 Qc6 15. hxg6 fxg6
16. Qh4 $40) 13. Bxf6 Nxf6 14. Qxd4 $14 Nh5 (14... Nd5 15. h5 $1 Qxa2 $6 16.
hxg6 fxg6 17. Rxh7 $1 Kxh7 (17... Qa1+ 18. Kd2 Qxd1+ 19. Kxd1 Kxh7 20. Ng5+ $18
) 18. Rh1+ Kg8 19. Qh8+ Kf7 20. Rh7+ Ke8 21. Bxg6+ Kd8 22. Qxf8#) 15. a3 Rd8
16. Qe3 Bd7 (16... Qc7 $5 {[%cal Gc7f4]}) 17. g4 Nf6 18. Qf4 $1 Nd5 $8 19. Qh6
Nf6 $8 20. Ng5 $1 {[%csl Rh7]} Bc6 21. Bxg6 $1 $40 (21. f3 Rd5 $5 $132) 21...
hxg6 $6 {So far black defended correctly,but now he takes with the wrong pawn.
Better was} (21... fxg6 $5 22. Nxe6 Rxd1+ 23. Rxd1 Kf7 24. Ng5+ (24. Qg7+ $2
Kxe6 $19) 24... Kg8 25. h5 $1 Qc7 26. hxg6 hxg6 27. Qxg6+ Qg7 28. Qf5 $36 {
and despite of the fact that white keeps the initiative the position is far
from being clear.}) 22. Nxe6 fxe6 23. Qxg6+ Kh8 24. Qxf6+ Kh7 25. Rhe1 $16 {
[%csl Rh7][%cal Ge1e5]} Rxd1+ 26. Rxd1 Qc5 {[%cal Ga8f8]} (26... Rg8 27. g5 Rg6
28. Qf7+ Rg7 29. Qxe6 $16) 27. g5 Rf8 28. Qh6+ Kg8 29. Qxe6+ Kg7 30. Qh6+ $6 {
Giving black a chanse to come back to life.} (30. Rd6 $1 $18) 30... Kg8 (30...
Kf7 31. g6+ Ke7 32. Qg7+ Ke8 33. Qc7 $1 $18 {[%cal Gd1d8]}) 31. Qg6+ Kh8 32.
Qh6+ Kg8 33. Qe6+ Kg7 $2 {Black gives back the present and now everything ends
very quickly.} (33... Kh8 $8 34. f4 $1 (34. Rd6 Rxf2 35. Qh6+ (35. Rd8+ Rf8 36.
Qf6+ Kg8 37. Qg6+ Kh8 $11) 35... Kg8 36. Rg6+ Kf7 37. Qh7+ (37. Rg7+ Ke8 38.
Qe6+ Kd8 39. Rg8+ Rf8 40. Qf6+ Ke8 $11) 37... Ke8 $11) 34... Qf5 (34... Rxf4
35. Qh6+ Kg8 36. g6 Qe3+ 37. Kb1 $18) 35. Qxf5 (35. Qh6+ Kg8 36. Rd4 Be4 $132)
35... Rxf5 36. Rd4 $16) 34. Rd6 $1 $18 Be8 (34... Rxf2 35. Qe7+ Rf7 36. Rg6+ $1
$18) (34... Qxf2 35. Qh6+ Kg8 36. Rg6+ Kf7 37. Rg7+ Ke8 38. Qe6+ Kd8 39. Qd6+
$18) 35. Qe7+ 1-0